Statistics for Biggest City in Each Washington County

Click here to take the quiz!

General Stats

  • This quiz has been taken 107 times
  • The average score is 19 of 39

Answers on the Map

Answers color-coded by a green-red scale on the quiz's map according to % correct below.
 

Answer Stats

CountyAnswerPopulation% Correct
KingSeattle753,675
98%
ThurstonOlympia52,882
91%
SpokaneSpokane222,081
88%
PierceTacoma217,827
88%
ClarkVancouver184,463
88%
SnohomishEverett111,475
72%
YakimaYakima93,637
72%
WhatcomBellingham92,314
69%
Walla WallaWalla Walla32,900
63%
BentonKennewick84,347
59%
Gray's HarborAberdeen16,756
58%
ClallamPort Angeles20,229
58%
FranklinPasco75,432
56%
WhitmanPullman34,506
52%
KitsapBremerton41,405
48%
CowlitzLongview38,440
48%
SkagitMount Vernon36,006
48%
San JuanFriday Harbor2,562
47%
JeffersonPort Townsend9,831
44%
ChelanWenatchee34,360
44%
LewisCentralia17,745
42%
KittitasEllensburg21,111
42%
IslandOak Harbor23,565
41%
DouglasEast Wenatchee14,219
39%
GrantMoses Lake24,086
38%
AsotinClarkston7,375
31%
KlickitatGoldendale3,505
31%
OkanoganOmak4,778
31%
MasonShelton10,655
31%
Pend OreilleNewport2,199
28%
FerryRepublic1,066
28%
WahkiakumCathlamet532
27%
StevensColville4,832
25%
GarfieldPomeroy1,395
25%
ColumbiaDayton2,442
23%
SkamaniaStevenson1,601
23%
LincolnDavenport1,744
20%
AdamsOthello8,386
20%
PacificRaymond2,994
20%

Score Distribution

Percentile by Number Answered

Percent of People with Each Score

Your Score History

You have not taken this quiz